The WTO Agreement on Agriculture and Food security (Record no. 9085)

MARC details
000 -LEADER
fixed length control field 01121cam a2200325 a 4500
001 - CONTROL NUMBER
control field 12665384
003 - CONTROL NUMBER IDENTIFIER
control field OSt
005 - DATE AND TIME OF LATEST TRANSACTION
control field 20240926092524.0
008 - FIXED-LENGTH DATA ELEMENTS--GENERAL INFORMATION
fixed length control field 001113s2000 enka b 000 0 eng d
010 ## - LIBRARY OF CONGRESS CONTROL NUMBER
LC control number 2002318039
015 ## - NATIONAL BIBLIOGRAPHY NUMBER
National bibliography number GBA0-70518
020 ## - INTERNATIONAL STANDARD BOOK NUMBER
International Standard Book Number 0850926459
035 ## - SYSTEM CONTROL NUMBER
System control number (OCoLC)ocm45350399
040 ## - CATALOGING SOURCE
Transcribing agency must
050 00 - LIBRARY OF CONGRESS CALL NUMBER
Classification number HD9000.6
Item number .W76 2000
082 00 - DEWEY DECIMAL CLASSIFICATION NUMBER
Classification number 338.19 WTO 2000
Edition number 21
100 ## - MAIN ENTRY--PERSONAL NAME
Personal name Christopher, Stevens; [et..al]
9 (RLIN) 19218
245 04 - TITLE STATEMENT
Title The WTO Agreement on Agriculture and Food security
260 ## - PUBLICATION, DISTRIBUTION, ETC. (IMPRINT)
Place of publication, distribution, etc. London;
Name of publisher, distributor, etc. Commonwealth Secretariat,
Date of publication, distribution, etc. 2000.
300 ## - PHYSICAL DESCRIPTION
Extent xiv, 64 p. :
Other physical details ill. ;
Dimensions 26 cm.
490 0# - SERIES STATEMENT
Series statement Economic paper ;
Volume/sequential designation 42
504 ## - BIBLIOGRAPHY, ETC. NOTE
Bibliography, etc Includes bibliographical references (p. 61-63).
610 10 - SUBJECT ADDED ENTRY--CORPORATE NAME
Corporate name or jurisdiction name as entry element World Trade Organization.
9 (RLIN) 954
650 #0 - SUBJECT ADDED ENTRY--TOPICAL TERM
Topical term or geographic name as entry element Food supply
9 (RLIN) 18495
650 #0 - SUBJECT ADDED ENTRY--TOPICAL TERM
Topical term or geographic name as entry element Foreign trade regulation.
9 (RLIN) 18496
830 #0 - SERIES ADDED ENTRY--UNIFORM TITLE
Uniform title Economic paper (Commonwealth Secretariat) ;
Volume number/sequential designation 42.
9 (RLIN) 18485
906 ## - LOCAL DATA ELEMENT F, LDF (RLIN)
a 7
b cbc
c copycat
d 2
e ncip
f 20
g y-gencatlg
942 ## - ADDED ENTRY ELEMENTS (KOHA)
Source of classification or shelving scheme Dewey Decimal Classification
Koha item type Open Shelf
Holdings
Withdrawn status Lost status Source of classification or shelving scheme Damaged status Not for loan Home library Current library Date acquired Source of acquisition Inventory number Total Checkouts Full call number Barcode Date last seen Price effective from Koha item type
    Dewey Decimal Classification     MUST Main Library MUST Main Library 08/07/2024 purchase 08/30946   338.19 WTO 2000 2024-21805 08/07/2024 08/07/2024 Open Shelf